French in English II Quiz Stats

Quiz Updated Oct 5, 2015

Also try: French in English
Challenge
Share
Tweet
Embed
Score 0/20 Timer 05:00
1 Play Today
% Correct
au naturel
96.9%
sans
95.1%
à la carte
93.6%
soirée
93.4%
chaise longue
92.8%
nouveau riche
92.6%
façade
91%
tête-à-tête
88.9%
coup d'état
88.8%
laissez-faire
83.4%
% Correct
idée fixe
83.2%
gauche
70.7%
démodé
69.7%
cordon bleu
68.9%
bon vivant
68.3%
jeté
68.2%
coup de grâce
61.3%
gamine
60.2%
giclée
57.6%
soigné
46.1%

You're not logged in!

Compare scores with friends on all Sporcle quizzes.
Sign Up with Email
OR
Log In

You Might Also Like...

Show Comments

Extras

Top Quizzes Today


Score Distribution

Your Account Isn't Verified!

In order to create a playlist on Sporcle, you need to verify the email address you used during registration. Go to your Sporcle Settings to finish the process.